000 00601nam a22001937a 4500
999 _c2909
_d2909
003 URS
005 20220114142321.0
008 200227s2010 a|||| |||| 00| 0 eng d
020 _a9780738212333
040 _cURS
_beng
_drda
050 1 4 _aLC 4704
_b.G8154 2010
100 1 _aGreenspan, Stanley I.
245 1 4 _aThe learning tree:
_bovercoming learning disabilities from the ground up
_cStanley I. Greenspan, Nancy Thorndike Greenspan.
260 _bDa Capo Press;
_c[2010]
300 _a276 pages;
_c24 cm
650 _aLearning Disabilitiea
700 _aGreespan, Nancy Thorndike
942 _2lcc
_cFR